Statistics for Famous Islands Quiz #2

Click here to take the quiz!

General Stats

  • This quiz has been taken 25,512 times
  • The average score is 15 of 24

Answer Stats

ClueIsland% Correct
Reykjavík's islandIceland
91%
Largest Caribbean islandCuba
89%
Reggae islandJamaica
87%
Tobago's counterpartTrinidad
84%
England, Scotland, and WalesGreat Britain
83%
Island prison in San Francisco BayAlcatraz Island
81%
Island that may become
the 51st state
Puerto Rico
81%
Island near which planes
and boats mysteriously vanish
Bermuda
80%
Peter Pan's islandNeverland
74%
Mediterranean island -
home of the Minoan civilization
Crete
65%
Island prison in "Harry Potter"Azkaban
64%
Polynesian island famous for
its monoliths, called moai
Easter Island
64%
Archipelago northeast of Scotland,
home to a type of pony
Shetland Islands
63%
Island nation in the Persian GulfBahrain
56%
Island chain including Tenerife,
La Palma, etc...
Canary Islands
53%
Chinese gambling islandMacau
51%
Smallest Canadian provincePrince Edward Island
50%
1,200 mile long Alaskan island chainAleutian Islands
44%
Dutch territory near South America,
known for its blue liqueur
Curaçao
44%
"Gulliver's Travels" island,
with tiny inhabitants
Lilliput
44%
Polynesian island where
Gauguin painted
Tahiti
44%
Island of the Skipper,
the Professor, and Mary Ann
Gilligan's Island
36%
Where dodos once livedMauritius
36%
Every summer we could rent a
cottage there (if it's not too dear)
Isle of Wight
15%

Score Distribution

Percentile by Number Answered

Percent of People with Each Score

Your Score History

You have not taken this quiz